| 000 | 00575nam a22001937a 4500 | ||
|---|---|---|---|
| 003 | LK-CoDNM | ||
| 005 | 20241224124454.0 | ||
| 008 | 241224b |||||||| |||| 00| 0 eng d | ||
| 040 |
_aLK-CoDNM _dLK-CoDNM _eLK-CoDNM |
||
| 041 | _aeng | ||
| 080 |
_a3 _bH4 |
||
| 100 | _aArthur Gardiner Butler, F.L.S. , F.Z.S. | ||
| 245 |
_aCatalogue of the Diurnal Lepidoptera of the family Satyridae in the collection of the British museum _b-Vol.1 |
||
| 260 |
_aLondon _bThe trustees _c1808 |
||
| 300 | _bvi, 211p. : ill ; 24 cm | ||
| 650 | _a1808 | ||
| 650 | _aScience | ||
| 942 | _cBK | ||
| 999 |
_c234124 _d234124 |
||